Strabismus : Practical Pearls You Won't Find in Textbooks
Written mainly for pediatric ophthalmologists and strabismologists, but also of great value to trainees, this text guides the reader through the thought processes needed for successful management of strabismus. Through the repeated use of icons, all material is designated as either basic, advanced,...
Saved in:
| Main Author | |
|---|---|
| Corporate Author | |
| Format | Electronic eBook |
| Language | English |
| Published |
Cham :
Springer International Publishing : Imprint: Springer,
2017.
|
| Subjects | |
| Online Access | Full text |
| ISBN | 9783319630199 |
| DOI | 10.1007/978-3-319-63019-9 |
| Physical Description | XXII, 346 p. 287 illus., 261 illus. in color. online resource. |
Cover
| LEADER | 00000nam a22000005i 4500 | ||
|---|---|---|---|
| 001 | 101650 | ||
| 003 | CZ-ZlUTB | ||
| 005 | 20251008112038.0 | ||
| 006 | m o d | ||
| 007 | cr nn 008mamaa | ||
| 008 | 171108s2017 gw | s |||| 0|eng d | ||
| 999 | |c 101650 |d 101650 | ||
| 020 | |a 9783319630199 | ||
| 024 | 7 | |a 10.1007/978-3-319-63019-9 |2 doi | |
| 100 | 1 | |a Kushner, Burton J. |e author. | |
| 245 | 1 | 0 | |a Strabismus : |b Practical Pearls You Won't Find in Textbooks / |c by Burton J. Kushner. |
| 264 | 1 | |a Cham : |b Springer International Publishing : |b Imprint: Springer, |c 2017. | |
| 300 | |a XXII, 346 p. 287 illus., 261 illus. in color. |b online resource. | ||
| 336 | |a text |b txt |2 rdacontent | ||
| 337 | |a počítač |b c |2 rdamedia | ||
| 338 | |a online zdroj |b cr |2 rdacarrier | ||
| 505 | 0 | |a Foreword -- Preface -- Chapter 1 History -- Chapter 2 The Examination -- Chapter 3 Refraction -- Chapter 4 Functional Amblyopia -- Chapter 5 Esotropia -- Chapter 6 Exotropia -- Chapter 7 A-Pattern, V-Pattern, and Other Alphabet Pattern Strabismus -- Chapter 8 Vertical Deviations -- Chapter 9 Diplopia -- Chapter 10 Strabismus Surgery -- Chapter 11 Complications of Eye Muscle Surgery -- Chapter 12 Thyroid Eye Disease -- Chapter 13 How to Perform Superior Surgery on the Inferior Oblique and Avoid Inferior Surgery on the Superior Oblique -- Chapter 14 Abnormal Head Postures -- Chapter 15 Brown Syndrome -- Chapter 16 Duane Syndrome -- Chapter 17 Miscellaneous Strabismus Syndromes -- Chapter 18 Nystagmus -- Chapter 19 Paralytic Strabismus: Third and Sixth Cranial Nerves -- Chapter 20 Re-operations -- Chapter 21 Complicated Strabismus. | |
| 506 | |a Plný text je dostupný pouze z IP adres počítačů Univerzity Tomáše Bati ve Zlíně nebo vzdáleným přístupem pro zaměstnance a studenty | ||
| 520 | |a Written mainly for pediatric ophthalmologists and strabismologists, but also of great value to trainees, this text guides the reader through the thought processes needed for successful management of strabismus. Through the repeated use of icons, all material is designated as either basic, advanced, important points, pearls, or myths, and there is frequent use of case presentations from the author's consultation files. Strabismus - Practical Pearls You Won't Find in Textbooks. starts where the other standard texts leave off. It contains a distillation of the many practical "pearls" that Dr. Kushner has accumulated and shared with residents and fellows over a 40 year career with a tertiary care practice in strabismus. It describes the nuances in decision-making with a discussion of pros and cons of many treatment approaches and hypothesis and attempts to simulate the experience of spending time in clinic with a seasoned mentor who is passionate about teaching. | ||
| 650 | 0 | |a Medicine. | |
| 650 | 0 | |a Ophthalmology. | |
| 655 | 7 | |a elektronické knihy |7 fd186907 |2 czenas | |
| 655 | 9 | |a electronic books |2 eczenas | |
| 710 | 2 | |a SpringerLink (Online service) | |
| 776 | 0 | 8 | |i Printed edition: |z 9783319630182 |
| 856 | 4 | 0 | |u https://proxy.k.utb.cz/login?url=http://dx.doi.org/10.1007/978-3-319-63019-9 |
| 942 | |2 udc | ||
| 992 | |c NTK-SpringerMED | ||
| 993 | |x NEPOSILAT |y EIZ | ||